The Seven Habits of Highly effective people/ (Record no. 69674)
[ view plain ]
| 000 -LEADER | |
|---|---|
| fixed length control field | 00759nam a22002177a 4500 |
| 005 - DATE AND TIME OF LATEST TRANSACTION | |
| control field | 20120903144943.0 |
| 010 ## - LCCN (DPL NO) | |
| LC control number | G-002129 |
| 020 ## - INTERNATIONAL STANDARD BOOK NUMBER | |
| International Standard Book Number | 9780671711177 |
| Terms of availability | 500.00(app.) |
| 035 ## - SYSTEM CONTROL NUMBER | |
| System control number | G-002129 |
| 037 ## - SOURCE OF ACQUISITION | |
| Stock number | dpl |
| Source of stock number/acquisition | Gift |
| 082 ## - DEWEY DECIMAL CLASSIFICATION NUMBER | |
| Classification number | 158 |
| 100 ## - MAIN ENTRY--PERSONAL NAME | |
| Personal name | Covey, Stephen R. |
| 245 ## - TITLE STATEMENT | |
| Title | The Seven Habits of Highly effective people/ |
| Statement of responsibility, etc | by Stephen R. Covey |
| 260 ## - PUBLICATION, DISTRIBUTION, ETC. (IMPRINT) | |
| Place of publication, distribution, etc | Newyork |
| Name of publisher, distributor, etc | Afireside books |
| Date of publication, distribution, etc | 1990 |
| 270 ## - ADDRESS | |
| Address | Rockefeller Center, 1230 avenue of the Americas |
| City | New york |
| 300 ## - PHYSICAL DESCRIPTION | |
| Extent | 358p. |
| Dimensions | 23cm(pbk) |
| 500 ## - GENERAL NOTE | |
| General note | It includes Index. |
| 942 ## - ADDED ENTRY ELEMENTS (KOHA) | |
| Source of classification or shelving scheme | Dewey Decimal Classification |
| Item type | English Books |
| Classification part | 158 |
| Call number suffix | COV |
| Withdrawn status | Lost status | Not for loan | Collection code | Home library | Current library | Date acquired | Source of acquisition | Cost, normal purchase price | Full call number | Barcode | Copy number | Cost, replacement price | Koha item type |
|---|---|---|---|---|---|---|---|---|---|---|---|---|---|
| Non-fiction | Vinoba Puri | Vinoba Puri | 03/09/2012 | Gift | 500.00 | 158 COV | G-002129 | 1 | 500.00 | English Books |
